Modelado y simulación del robot omnidireccional de 4 ruedas suecas a 90 grados
Guardado en:
| Hovedforfatter: | |
|---|---|
| Andre forfattere: | |
| Format: | Bog |
| Sprog: | Spanish |
| Udgivet: |
[San José ], Costa Rica
2016
|
| Fag: | |
| Tags: |
Tilføj Tag
Ingen Tags, Vær først til at tagge denne postø!
|
MARC
| LEADER | 00000nam a22000007a 4500 | ||
|---|---|---|---|
| 003 | 012686 | ||
| 005 | 20230920103259.0 | ||
| 008 | 170926b2016 cr a|||| m||| 00| ||spa d | ||
| 040 | |c cru CEDI | ||
| 090 | |a TFG 7837 | ||
| 100 | |9 9928 |a Ramírez Rodríguez, Pablo | ||
| 245 | |a Modelado y simulación del robot omnidireccional de 4 ruedas suecas a 90 grados | ||
| 260 | |a [San José ], Costa Rica |c 2016 | ||
| 300 | |a xiii, 81 hojas ; ilustraciones algunas a color | ||
| 500 | |a Proyecto de graduación (bachillerato en ingeniería eléctrica)--Universidad de Costa Rica. Facultad de Ingeniería. Escuela de Ingeniería Eléctrica | ||
| 501 | |a Profesor Guía de IE-0499 Proyecto Eléctrico: Ing. Leonardo Marín Paniagua, Ph.D. | ||
| 650 | |x ROBOTICA |x ROBOTS - DISEÑO Y CONSTRUCCION |x MATLAB (PROGRAMAS PARA COMPUTADORA) |x INTERFACES GRAFICAS CON EL USUARIO (SISTEMAS PARA COMPUTADORA) |x SIMULACION POR COMPUTADORA |9 9929 | ||
| 700 | |9 1566 |a Marín Paniagua, Leonardo, 1982- |d Director del Proyecto Eléctrico | ||
| 942 | |c CEDI | ||
| 999 | |c 19014 |d 19014 | ||
